000
00404nam a2200133Ia 4500
008
151001s9999||||xx |||||||||||||| ||und||
100
_a
अनंत - सामंत
245
_a
एम टी आयवा मारू
250
_a
5
260
_b
"मॅजेस्टीक पब्लिशिंग हाऊस, ठाणे "
260
_c
२०१३
300
_a
385
365
_b
21
999
_c
1002142
_d
1002139